000 00374nam a22001217a 4500
008 230609b xxu||||| |||| 00| 0 eng d
082 _a354.676
_bGOK
110 _bGOK
245 _a2010/2011 Estimates of Development Expenditure of the GOk for the Year Endeing 30th June, 2011
_cvolume 2 (Votes D21-D60)
260 _aKenya
_bGoK
_cJune, 2010
300 _a888p
942 _2ddc
_cBK
999 _c938
_d938